| 000 | 00374nam a22001577a 4500 | ||
|---|---|---|---|
| 005 | 20160629115500.0 | ||
| 008 | 160629b xxu||||| |||| 00| 0 eng d | ||
| 041 | _aeng | ||
| 082 | _b11011 | ||
| 100 |
_aAcharya, Davel Kumar _93144 |
||
| 245 | _aSavs prit Sahityez Sankihipta Itihas | ||
| 260 | _bPragaya Vikas | ||
| 300 | _a200 | ||
| 650 |
_aManagement _9241 |
||
| 942 | _cBK | ||
| 999 |
_c4609 _d4607 |
||